Dictateurs par pays - Statistiques

Statistiques générales
  • Ce quiz a été pris 760 fois
  • Le résultat moyen est 10 sur 16
Statistiques - réponses
Pays Réponse % Correct
Allemagne ( 1933 - 1945 ) Adolf Hitler
100%
Italie ( 1924 - 1945 ) Benito Mussolini
95%
URSS ( 1924 - 1953 ) Joseph Staline
95%
Espagne ( 1936 - 1975 ) Fransisco Franco
84%
France ( 1940 - 1944 ) Philippe Pétain
83%
Corée du Nord ( 2011 - ? ) Kim Jong-Un
80%
Cuba ( 1976 - 2008 ) Fidel Castro
79%
Corée du Nord ( 1994 - 2011 ) Kim Jong-Il
66%
Chine ( 1943 - 1976 ) Mao Zedong
64%
Yougoslavie ( 1953 - 1980 ) Josip Tito
61%
Cambodge ( 1963 - 1979 ) Pol Pot
54%
Corée du Nord ( 1948 - 1994 ) Kim Il-Sung
54%
Japon ( 1919 - 1989 ) HiroHito
53%
Roumanie ( 1965 - 1989 ) Nicolae Ceausescu
31%
Lettonie ( 1936 - 1940 ) Karlis Ulmanis
4%
Angleterre ( 1626 -1649 ) Charles Ier
3%
Aucun quiz correspondant
Distribution des résultats
% des personnes avec chaque résultat
Percentile par nombre de réponses
Votre historique - résultats
Vous n’avez pas pris ce quiz